000 00577nam a2200229Ia 4500
003 OSt
005 20220924150254.0
006 a|||||r|||| 00| 0
007 ta
008 220923b |||||||| |||| 00| 0 snd d
024 _a332577
037 _cTextual
040 _aARTS
_cARTS
_bsnd
041 _2snd
_asnd
082 _aV233:1.N5, 1593J8
100 _aShedai Ramindar Au.
_9221724
245 0 _aJannatul Sindh
260 _c1958
650 _aHISTORY
942 _hV233:1.N5, 1593J8
_cTEXL
_2CC
999 _c462804
_d462804